Normal view MARC view
  • Partido Revolucionario Institucional (México)

Entry Nombre Corporativo

Number of records used in: 47

001 - NÚMERO DE CONTROL

  • campo de control: 6042

003 - IDENTIFICADOR DE NUMERO DE CONTROL

  • campo de control: MX-MxUPN

005 - FECHA Y HORA DE LA ÜLTIMA TRANSACCIÓN

  • campo de control: 20240918133911.0

008 - DATOS DE LONGITUD FIJA

  • campo de control de longitud fija: 240213nn acnnnaabn b |nc |d

035 ## - NÚMERO DE CONTROL

  • Número de control: UPN10000006043

040 ## - FUENTE DE CATALOGACIÓN

  • Lenguaje de catalogación: spa
  • Agencia original de catalogación: MX-MxUPN

053 #4 - NÚMERO DE CLASIFICACIÓN LC

  • Classification number element--single number or beginning number of span: JL1298

110 2# - ENCABEZAMIENTO - NOMBRE CORPORATIVO

  • Nombre corporativo o de jurisdicción como elemento de entrada : Partido Revolucionario Institucional (México)

410 ## - MENCIÓN DE REFERENCIA “VÉASE” – NOMBRE DE ENTIDAD CORPORATIVA

  • Corporate name or jurisdiction name as entry element: PRI
  • Control subfield: d

670 ## - FUENTE EN LA QUE SE LOCALIZARON DATOS

  • Cita de la fuente : Escamilla González, G. Lista de encabezamientos de materia, 1978 :
  • Información localizada: página 641 (Partido Revolucionario Institucional, México)

902 ## - CATALOGADOR

  • Catalogador: CAA/170996
  • Catalogador: VíctorGodínez/130224